Sports Quiz

Random Sports or MLB Quiz

MLB: More Saves Than Hits Allowed Quiz Stats

Quiz Updated May 11, 2017

Challenge
Share
Tweet
Embed
Score 0/29 Timer 05:00
0 Plays Today
Year Player % Correct
1999Mariano Rivera
95.2%
1998Trevor Hoffman
74.5%
2009Trevor Hoffman
74.5%
2003Eric Gagne
61.5%
1989Dennis Eckersley
60.3%
1990Dennis Eckersley
60.3%
2008Francisco Rodriguez
59.3%
2007Jonathan Papelbon
58.4%
2012Craig Kimbrel
55%
2013Craig Kimbrel
55%
2014Craig Kimbrel
55%
2012Aroldis Chapman
50.3%
2013Aroldis Chapman
50.3%
2014Aroldis Chapman
50.3%
1999Billy Wagner
40.6%
Year Player % Correct
2009Joe Nathan
32.7%
2013Joe Nathan
32.7%
2012Fernando Rodney
27.5%
2008Joakim Soria
25%
2013Greg Holland
21.8%
2014Greg Holland
21.8%
2002Troy Percival
17.7%
2010Rafael Soriano
16.7%
2000Armando Benitez
14.3%
2004Armando Benitez
14.3%
2007Jose Valverde
13.9%
2007J.J. Putz
8.1%
2011J.J. Putz
8.1%
2007Takashi Saito
2.7%

You're not logged in!

Compare scores with friends on all Sporcle quizzes.
Sign Up with Email
OR
Log In

You Might Also Like...

Show Comments

Extras

Top Quizzes Today


Score Distribution

Your Account Isn't Verified!

In order to create a playlist on Sporcle, you need to verify the email address you used during registration. Go to your Sporcle Settings to finish the process.